Tratados de la Baja Edad Media - Estadísticas

Estadísticas generales
  • Esta prueba ha sido intentada 35 veces
  • La puntuación promedio es 6 de 13
Estadísticas de respuestas
Hint Respuesta % Correcto
Capitulación de Granada 1491
65%
Pacto de los Toros de Guisando 1468
59%
Tratado de Alcaçovas-Toledo 1479
59%
Pacto de Jaén 1246
53%
Tratado de Almizra 1244
41%
Tratado de Corbell 1258
41%
Tratado de Monteagudo 1291
41%
Tratado de Granada (Fernando II y Luis XII) 1500
41%
Tratado de Caltabellotas 1302
35%
Tratado de Torrellas 1304
35%
Paz de Lodi 1454
35%
Sentencia arbitral de Segovia 1475
35%
Tratado de Alcaraz 1243
24%
No se encontraron pruebas coincidentes
Distribución de puntuación
Porcentaje de gente con cada puntuación
Porcentaje por número respondido
Historial de tus puntuaciones
No has intentado esta prueba.